000 01184nam a2200265 i 4500
001 181342
003 ES-MaACL
005 20231227062545.0
008 121212s2011 sp | |||||||| | spa d
020 _a978-84-9895-070-0
080 _a821.134.2-14"19"
100 1 _aJiménez, Juan Ramón,
_d1881-1958
_966417
245 1 3 _aLa realidad invisible :
_b(1917-1923) ; Unidad ; Fuego y sentimiento ; Luz de la atención ; La mujer desnuda : (1918-1923) ; La muerte ; La obra : (1919-1923) ; Hacia otra desnudez : (1918-1936) /
_c[Juan Ramón Jiménez] ; texto base según versión de Antonio Sánchez Romeralo ; prólogo de Juan Lamillar.
260 _aMadrid :
_bVisor Libros ;
_a[Huelva] :
_bDiputación de Huelva,
_c2011.
300 _a215 p. ;
_c20 cm.
490 1 _aObras de Juan Ramón Jiménez ;
_v21
490 1 _aPoesía escojida ;
_v4
700 1 _aSánchez Romeralo, Antonio.
_9102898
700 1 _aLamillar, Juan.
_969853
830 1 _aObras de Juan Ramón Jiménez
_v21
_9191022
830 1 _aPoesía escojida ;
_v4
_9191442
852 4 _aES-MaACL
_jA-12394
_9188226
_bR.148330
_cDEPO1
_dOlim: N-5399
942 _2udc
_cMONOGRAFIA
999 _c181342
_d181342